| 000 | 00896nam a2200217 4500 | ||
|---|---|---|---|
| 001 | 85796 | ||
| 003 | BD-RjUL | ||
| 005 | 20251006161546.0 | ||
| 008 | 251006s1949 p ||||| |||| 00| 0 urd d | ||
| 035 | _a(BD-RjUL)85796 | ||
| 040 |
_aBD-RjUL _beng _cBD-RjUL |
||
| 041 | _aurd | ||
| 082 |
_221 _a891.43909 _bHAD 1949 |
||
| 100 |
_a ہاشمى، نورالحسن، Hāshimī., Nūrulḥasan _917085 |
||
| 245 | 1 | 0 |
_aدلى کا دبستان شاعرى / Dillī kā dabistān-i shāʻirī / _cڈاکٹر نورالحسن ہاشمى, ،Ḍākṭar Nūrulḥasan Hāshimī., |
| 260 |
_aKarachi : _bانجمن ترقى اردو پاکستان ;; Anjuman Tarqi Urdu Pakistan , _c1949 |
||
| 300 |
_a398 p. ; _c20 cm |
||
| 490 |
_aSilsilah-yi mat̤būʻāt-i Anjuman Taraqqī-yi Urdū Pākistān,; _v shumārah ; 228 |
||
| 650 |
_aUrdu poetry _vHistory and criticism _z India _917086 |
||
| 942 |
_2ddc _cBK |
||
| 999 |
_c85796 _d85796 |
||